Top 15 Poorest Presidents - Statistics

General Stats
  • This quiz has been taken 31 times
  • The average score is 10 of 15
Answer Stats
Net Worth (of mil. of
2016 US$
President % Correct
<1 Abraham Lincoln
96%
<1 Ulysses S. Grant
75%
1 William McKinley
71%
<1 Harry S. Truman
68%
<1 Andrew Johnson
64%
<1 Calvin Coolidge
64%
<1 James A. Garfield
64%
<1 James Buchanan
64%
2 William Howard Taft
64%
<1 Woodrow Wilson
61%
2 Franklin Pierce
57%
<1 Chester A. Arthur
54%
1 Warren G. Harding
54%
3 Rutherford B. Hayes
50%
4 Millard Fillmore
46%
No matching quizzes found
Score Distribution
Percent of People with Each Score
Percentile by Number Answered
Your Score History
You have not taken this quiz